| Tag |
First Indicator |
Second Indicator |
Subfields |
| LEADER |
00000cam a2200000Ma 4500 |
| 001 |
in00003545682 |
| 006 |
m o d |
| 007 |
cr nn||||||||| |
| 008 |
121227s1998 ne o 000 0 eng d |
| 005 |
20260420211052.3 |
| 020 |
|
|
|a 9789401151610 (electronic bk.)
|
| 020 |
|
|
|a 940115161X (electronic bk.)
|
| 035 |
|
|
|a (OCoLC)840311137
|
| 040 |
|
|
|a I9W
|b eng
|e pn
|c I9W
|d OCLCQ
|d GW5XE
|d OCLCF
|d OCLCO
|d UtOrBLW
|
| 049 |
|
|
|a TXAM
|
| 050 |
|
4 |
|a TP248.27.A53
|
| 082 |
0 |
4 |
|a 660.6
|2 21
|
| 100 |
1 |
|
|a Nagai, K.
|
| 245 |
1 |
0 |
|a Animal Cell Technology: Basic & Applied Aspects :
|b Proceedings of the Ninth Annual Meeting of the Japanese Association for Animal Cell Technology, Yokohama, Japan, September 1-4, 1996 /
|c edited by K. Nagai, M. Wachi.
|
| 246 |
3 |
|
|a Proceedings of the Ninth Annual Meeting of the Japanese Association for Animal Cell Technology, September 1-4, 1996, Yokohama, Japan
|
| 264 |
|
1 |
|a Dordrecht :
|b Springer Netherlands :
|b Imprint :
|b Springer,
|c 1998.
|
| 300 |
|
|
|a 1 online resource (416 pages)
|
| 336 |
|
|
|a text
|b txt
|2 rdacontent
|
| 337 |
|
|
|a computer
|b c
|2 rdamedia
|
| 338 |
|
|
|a online resource
|b cr
|2 rdacarrier
|
| 490 |
1 |
|
|a Animal Cell Technology: Basic & Applied Aspects ;
|v 9
|
| 520 |
|
|
|a Animal cell technology is a growing discipline of cell biology which aims not only to understand structures, functions and behaviors of differentiated animal cells but also to uncover their abilities for industrial and medical purposes. The goal of animal cell technology includes clonal expansion of differentiated cells with useful abilities, optimization of their culture conditions on the industrial scale, modulation of their ability in order efficiently to produce medically and pharmaceutically important proteins, and application of animal cells to gene therapy and formation of artificial organs. This Volume gives the readers a complete review of the present state of the art in Japan, a country where this field is well advanced, as well as in Asia, Europe and the United States. The Proceedings will be useful for cell biologists, biochemists, molecular biologists, biochemical engineers and those in other disciplines related to animal cell culture, working in academic environments as well as in the biotechnology and pharmaceutical industries.
|
| 500 |
|
|
|a Electronic resource.
|
| 650 |
|
0 |
|a Animal cell biotechnology
|v Congresses.
|
| 650 |
|
7 |
|a Animal cell biotechnology.
|2 fast
|0 (OCoLC)fst00809117
|
| 655 |
|
7 |
|a Electronic books.
|2 local
|
| 655 |
|
7 |
|a Conference proceedings.
|2 fast
|0 (OCoLC)fst01423772
|
| 700 |
1 |
|
|a Wachi, M.
|
| 710 |
2 |
|
|a SpringerLink (Online service)
|
| 830 |
|
0 |
|a Animal Cell Technology: Basic & Applied Aspects ; ;
|v 9.
|
| 856 |
4 |
0 |
|u http://proxy.library.tamu.edu/login?url=https://link.springer.com/10.1007/978-94-011-5161-0
|z Connect to the full text of this electronic book
|t 0
|
| 994 |
|
|
|a 92
|b TXA
|
| 999 |
|
|
|a MARS
|
| 999 |
f |
f |
|s 118533ff-6fb7-3649-a4fb-f85e1f44d47c
|i 3f19b884-a22e-3080-80e0-bc262cc45e40
|t 0
|
| 952 |
f |
f |
|a Texas A&M University
|b College Station
|c Electronic Resources
|s www_evans
|d Available Online
|t 0
|e TP248.27.A53
|h Library of Congress classification
|
| 998 |
f |
f |
|a TP248.27.A53
|t 0
|l Available Online
|